| 000 | 00786nam a2200205 a 4500 | ||
|---|---|---|---|
| 001 | 000043966 | ||
| 005 | 20201002045053.0 | ||
| 008 | 140512s1981 sp ab 000 0 spa d | ||
| 020 | _a8472861538 | ||
| 040 |
_aDO-SdBNP _bspa _cBNPHU |
||
| 082 |
_axxxx _bxxxx |
||
| 100 | 1 |
_aMoro, José María, _d1948- _971913 |
|
| 245 | 1 | 3 |
_aLa desamortización en Asturias en el siglo XIX / _cJosé María Moro Barreñada. |
| 260 |
_a[Gijón] : _bSilverio Cañada, _c1981. |
||
| 300 |
_a348 p. : _bil., mapas ; _c21 cm. |
||
| 490 | 1 |
_aBiblioteca Julio Somoza _atemas de investigación asturiana _v5 |
|
| 500 | _aIncluye referncias bibliográficas y notas al pie de las páginas | ||
| 504 | _aBibliografía: p. 339-345 | ||
| 830 | 0 |
_aBiblioteca Julio Somoza _ptemas de investigación asturiana ; _n5 _971914 |
|
| 999 |
_c43455 _d43455 |
||